| 000 | 00519nam a2200193Ia 4500 | ||
|---|---|---|---|
| 005 | 20250326124627.0 | ||
| 008 | 250326s9999 xx 000 0 und d | ||
| 037 | _aTextbook | ||
| 040 |
_aFMSL _beng _cFMSL |
||
| 041 |
_aeng _2eng |
||
| 084 |
_aX:8.73 K6 _qFMSL |
||
| 100 |
_aBroom H N _9254847 |
||
| 245 | 0 |
_aSmall business management _cBroom H N; Longenecker J G |
|
| 250 | _a2 | ||
| 260 |
_aNY _bNY, South - Western _c1966 |
||
| 300 | _a832p | ||
| 942 |
_cTB _hX:8.73 K6 |
||
| 999 |
_c1274463 _d1274463 |
||